000 00875nam a2200205Ia 4500
001 10218
003 GE_BSU
008 181216s||||||||xx |||||||||||||| ||und||
040 _cGE_BSU
100 _aრემონიძე,სილიბისტრო
245 _aრჩეული მოთხრობები
245 _cშეადგინა,რედ.გაუკეთა,შესავ.წერილი და შენიშვნები დაურთო ა.თევზაძემ; რედ:ნ.კანდელაკი;მხატვ:ლ.გრიგოლია.
260 _aთბილისი
260 _bსაბჭ.საქართველო
260 _c1977
300 _a535გვ;17სმ.
300 _b1ფ.პორტრეტი
653 _aრჩეული მოთხრობები
942 _cBK
999 _c43487
_d43487